| Tag |
First Indicator |
Second Indicator |
Subfields |
| LEADER |
00000pam a2200000 a 4500 |
| 001 |
in00001766310 |
| 005 |
20151025092104.0 |
| 008 |
011121s2003 onc i 000 0ceng |
| 020 |
|
|
|a 0802027903 (bound)
|
| 035 |
|
|
|a (OCoLC)ocm48532709
|
| 040 |
|
|
|a NLC
|b eng
|c NLC
|d TXA
|d UtOrBLW
|
| 043 |
|
|
|a n-cn---
|
| 049 |
|
|
|a TXAM
|
| 055 |
0 |
1 |
|a N6548
|
| 055 |
0 |
0 |
|a N6548
|b M35 2003
|
| 082 |
0 |
|
|a 709/.2/271
|2 21
|
| 090 |
|
|
|a N6548
|b .M36 2003
|
| 100 |
1 |
|
|a McMann, Evelyn de R.
|q (Evelyn de Rostaing),
|d 1913-
|
| 245 |
1 |
0 |
|a Biographical index of artists in Canada /
|c Evelyn de R. McMann.
|
| 264 |
|
1 |
|a Toronto ;
|a Buffalo :
|b University of Toronto Press,
|c [2003]
|
| 264 |
|
4 |
|c ©2003
|
| 300 |
|
|
|a xxvi, 250 pages ;
|c 24 cm.
|
| 336 |
|
|
|a text
|b txt
|2 rdacontent
|
| 337 |
|
|
|a unmediated
|b n
|2 rdamedia
|
| 338 |
|
|
|a volume
|b nc
|2 rdacarrier
|
| 650 |
|
0 |
|a Artists
|z Canada
|v Biography
|v Indexes.
|
| 948 |
|
|
|a cataloged
|b h
|c 2003/8/27
|d c
|e dmitchel
|f 10:22:12 am
|
| 994 |
|
|
|a E0
|b TXA
|
| 999 |
|
|
|a MARS
|
| 999 |
f |
f |
|s b82d9ed6-bb5e-33fe-9f8c-f914843d8190
|i 4542d4bc-0a86-3954-ab8d-10ac09883953
|t 0
|
| 952 |
f |
f |
|p normal
|a Texas A&M University
|b College Station
|c Sterling C. Evans Library
|d Evans: Library Stacks
|t 0
|e N6548 .M36 2003
|h Library of Congress classification
|i unmediated -- volume
|m A14830510333
|
| 952 |
f |
f |
|p storage
|a Texas A&M University
|b J.J. Pickle Campus
|c High Density Repository
|d Remote Storage
|t 0
|e N6548 .M36 2003
|h Library of Congress classification
|i unmediated -- volume
|m A14833641345
|
| 998 |
f |
f |
|a N6548 .M36 2003
|t 0
|l Evans: Library Stacks
|
| 998 |
f |
f |
|a N6548 .M36 2003
|t 0
|l Remote Storage
|